Регионална библиотека "Любен Каравелов" - Русе

La République conservatrice (Запис номер 402802)

MARC детайли
000 -Лидер
Контролно поле с фиксирана дължина nam a22 a 4500
003 - Код на организацията, давaща контролен номер
Контролно поле BLK
005 - Дата и час на последна редакция
Контролно поле 20210402104458.0
008 - Елементи от данни с фиксирана дължина
fixed length control field 180409b bul|||||r ||||||| ||bul||
040 ## - Източник на каталожния запис
Идентификатор на билиотеката - собственик на записа BLK
041 ## - Код за език
Код за езика на текст/звукозапис или на отделно заглавие Френски
Код за езика КДБФ Френски
080 ## - УДК
Текстов определител УДК Обществено управление. Военно изкуство. Военни науки
УДК код - определител по УДК 35
УДК определител (44)
УДК - код + определител 35(44)
100 ## - Редна дума - Автор
Автор Hauranne, Ernest Duvergier de
Авторска отговорност първи автор
R(LIN) 444593
139 ## - Редно поле
Редна дума Hauranne, Ernest Duvergier de
245 10 - Сведения за заглавието
Заглавие La République conservatrice
Редно поле (дума) Ernest Duvergier de Hauranne
257 ## - Страна на издаване
Страна на създаване/издаване Франция
260 ## - Област на издателските данни
Име на издателя, разпространителя и проч. Germer Bailliere
Година на издаване 1873
9 (RLIN) 219264
Място на издаване, разпространение и проч. Paris
300 ## - Физическа характеристика
Страници XII - 304 p.
Размери/Мащаб 19 cm
380 ## - Жанр
Жанр Обществени науки
490 ## - СЕРИИ (Колекции)
9 (RLIN) 204519
Име на серия Bibliothèque d'histoire contemporaine
490 ## - СЕРИИ (Колекции)
9 (RLIN) 435080
Име на серия Колекция Редки и ценни издания
650 #0 - Допълнително описание по предмет – тема
9 (RLIN) 273429
Основно описание – тема или топоним Франция - обществено управление
653 #7 - Ключова дума – ненормативна
9 (RLIN) 195494
Ключова дума република
852 ## - Местоположение
Форматна сигнатура Рф 873
Фондова буква Редки и ценни
856 4# - Електронен адрес и достъп
Електронен формат pdf - файл
856 4# - Електронен адрес и достъп
Електронен формат pdf - файл
999 ## - СИСТЕМНИ КОНТРОЛНИ НОМЕРА
Koha biblionumber 402802
Koha biblioitemnumber 402802
942 ## - АРТИКУЛИ
Вид на библиотечния материал Книги
Скрит в OPAC Не
Периодичен библиозапис Да
944 ## - СЪЗДАВАНЕ И РЕДАКЦИЯ на ЗАПИСА
Създаване/Редакция Създаване
Дата на регистрацията/редакция 2021-03-25
Служител, извършил регистрацията/редакцията NR
999 ## - СИСТЕМНИ КОНТРОЛНИ НОМЕРА
Koha biblioitemnumber 402802
999 ## - СИСТЕМНИ КОНТРОЛНИ НОМЕРА
Koha biblioitemnumber 402802
Наличности
Код за отписване Код за изгубен артикул Източник на класификационната схема Код за повреда Коз за рестрикции Код за отдаване Артикулен № Име на библиотеката - собственик Име на библиотеката, в която се намира в момента Статус (Текущо местоположение) Дата на вписване в системата Местоположение - отдел Цена в лева Инвентарен номер Систематично азбучна сигнатура Баркод Цена в евро Служебен тип на артикула
  Не е изгубен Universal Decimal Classification Не е повреден само за читалня Специални фондове ( старопечатни, редки и ценни, фонд М. Арнаудов) 854808 Регионална библиотека "Любен Каравелов" Русе Регионална библиотека "Любен Каравелов" Русе Редки и ценни 2021-09-24 Редки и ценни 0.60 14170 Рф 873 900000042093 0.31 Книги
Vip Innovations Ltd, Rousse, Bulgaria 2025